000 02371nam a22004457a 4500
001 16204785
003 OSt
005 20210421065743.0
008 100423s2011 moua b 001 0 eng
010 _a 2010017591
020 _a9781437707502 (pbk. : alk. paper)
035 _a(DNLM)101529470
040 _aDNLM/DLC
_cDLC
_deng
_beng
041 _aeng
050 0 0 _aRT81.5
_b.B863 2011
060 1 0 _aWY 20.5
_bB967u 2011
080 _a616-08
_bB-96
082 0 0 _a610.73072
_222
100 1 _aBurns, Nancy
_q(Nancy Ann)
245 1 0 _aUnderstanding nursing research :
_bbuilding an evidence-based practice /
_cNancy Burns, Susan K. Grove ; with special contributions by Jennifer Gray.
250 _a5th edition
260 _aSt. Louis, MO :
_bSaunders/Elsevier,
_cc2011.
300 _axiii, 574 p. :
_bcol. ill. ;
_c23 cm.
365 _b76.95 usd
504 _aIncludes bibliographical references and index.
505 0 _aIntroduction to nursing research and evidence-based practice -- Introduction to the quantitative research process -- Introduction to the qualitative research process -- Examining ethics in nursing research -- Research problems, purposes, and hypotheses -- Understanding the literature review in published studies -- Understanding theory and research frameworks -- Clarifying quantitative research designs -- Examining populations and samples in research -- Clarifying measurement and data collection in quantitative research -- Understanding statistics in research -- Critical appraisal of quantitative and qualitative research for nursing practice -- Building an evidence-based nursing practice -- Introduction to outcomes research.
650 0 _aNursing
_xResearch
_xMethodology.
650 0 _aPatient Care
_9285
650 0 _aEvidence-based nursing.
650 1 2 _aNursing Research
_xmethods.
650 2 2 _aEvidence-Based Nursing.
653 _aპაციენტის მოვლა
653 _aპაციენტის მოვლის კვლევა
653 _aმტკიცებულებაზე დაფუძნებული პაციენტის მოვლა
700 1 _aGrove, Susan K.
700 1 _aGray, Jennifer,
_d1955-
906 _a7
_bcbc
_corignew
_d1
_eecip
_f20
_gy-gencatlg
942 _2udc
_cBK
_e5
999 _c686
_d686